[Event "Reykjavik op"]
[Site "Reykjavik"]
[Date "2025.04.13"]
[Round "6"]
[White "Savidge, Daniel"]
[Black "Heppert, Lars"]
[Result "1-0"]
[WhiteElo "2180"]
[BlackElo "1949"]
[PlyCount "69"]
[EventDate "2025.04.09"]
[EventType "swiss"]
[EventRounds "9"]
[EventCountry "ISL"]
[SourceTitle "CB17_2025"]
[SourceDate "2025.04.23"]
[SourceVersion "1"]
[SourceVersionDate "2025.04.23"]
[SourceQuality "1"]

1. e4 c6 2. d4 d5 3. e5 c5 4. dxc5 e6 5. a3 Bxc5 6. b4 Be7 7. c4 dxc4 8. Qg4 Kf8 9. Bxc4 Qc7 10. Bb2 Nh6 11. Qe2 Nf5 12. Nf3 a5 13. b5 Nd7 14. Nbd2 Nc5 15. Ne4 b6 16. Rc1 Bb7 17. Ba2 Qd7 18. Bb1 Rd8 19. 0-0 Bxe4 20. Bxe4 Nxe4 21. Qxe4 Qxb5 22. Bd4 g6 23. Rfd1 Kg7 24. g4 Nh4 25. Rd3 Rd7 26. Nxh4 Bxh4 27. f4 Be7 28. f5 gxf5 29. gxf5 Rg8 30. Rg3+ Kf8 31. Rxg8+ Kxg8 32. f6 Rxd4 33. Rc8+ Rd8 34. Qg2+ Kf8 35. fxe7+ 1-0

[Event "Heusenstamm Sparkassen op 11th"]
[Site "Heusenstamm"]
[Date "2024.11.24"]
[Round "6"]
[White "Spelleken, Mark"]
[Black "Heppert, Lars"]
[Result "0-1"]
[WhiteElo "1748"]
[BlackElo "1911"]
[PlyCount "55"]
[EventDate "2024.11.21"]
[EventType "swiss"]
[EventRounds "7"]
[EventCountry "GER"]
[SourceTitle "CB51_2024"]
[SourceDate "2024.12.18"]
[SourceVersion "1"]
[SourceVersionDate "2024.12.18"]
[SourceQuality "1"]

1. d4 d5 2. c4 e6 3. Nc3 Be7 4. Bf4 Nf6 5. e3 0-0 6. Nf3 b6 7. Rc1 Ba6 8. Nb5 Bxb5 9. cxb5 Bb4+ 10. Ke2 Bd6 11. Bg3 a6 12. bxa6 Rxa6 13. a3 c5 14. Ke1 c4 15. Qc2 b5 16. Be5 Ne4 17. Be2 Nc6 18. Bxd6 Qxd6 19. Kf1 b4 20. Bxc4 dxc4 21. Qxe4 bxa3 22. bxa3 Rxa3 23. Rxc4 Ra1+ 24. Ne1 Na5 25. Rc2 Qa6+ 26. Re2 Rc8 27. f3 f5 28. Qh4 0-1